000 00615 a2200229 4500
005 20260514101430.0
008 260513b |||||||| |||| 00| 0 eng d
020 _a9789354919718
_cRs. 220.00
040 _aMAIN
082 _a791.31954
_bM474N
100 _aMehta, Jaya
245 _aNritya katha: Bachon ke liya Bhartiya nirtiya ki kahaniyan
260 _bNational Book Trust
_c2023
_aNew Delhi
300 _a76
650 _aDance
650 _aIndian Dance
650 _aClassical Dance
650 _aDance-India
700 _aSingh, Shivendra Kumar
700 _aNataliya, Suruba
942 _cBK
999 _c309278
_d309278